000 00627nam a22002177a 4500
003 UA-OsUOA
001 112173
007 ta
008 20150622b un ||||| |||| 00| 0 ukr d
100 _aЖулинський М.
090 _a82
_bЖ87
942 _cSA
040 _aUA-OsUOA
_bukr
_cUA-OsUOA
_dUA-OsUOA
245 _aАпостольська місія Тараса Шевченка та ідеали слов'янської єдності
300 _aС.3-19
955 _a0
041 _aukr
080 _a82
773 0 _w112172
650 7 _a82 Література. Літературознавство
_2UDC
999 _c398245
_d398245